| 000 | nam a22 7a 4500 | ||
|---|---|---|---|
| 999 |
_c332099 _d332099 |
||
| 003 | NUST | ||
| 005 | 20171113120428.0 | ||
| 008 | 171113b xxu||||| |||| 00| 0 eng d | ||
| 022 | _210127682 | ||
| 040 | _c0 | ||
| 082 | _a954.9005 GAR | ||
| 100 | _4Garewal,Prof.Sher Muhammad | ||
| 245 |
_aPakistan Journal Of History and Culture: _bVol.xxiv,vol.1 (Fatima Jinnah Number) January-June 2003 _cProf.Sher Muhammad Garewal |
||
| 260 |
_aIslamabad _bNIHC _c2003 |
||
| 300 | _a164p. | ||
| 500 | _aP.B | ||
| 942 |
_2ddc _cBK _kIESE |
||